Brendan Rodgers' Celtic - Statistics

General Stats
  • This quiz has been taken 3 times
  • The average score is 27 of 104
Answer Stats
Rank Player Position Nationality Matches Goals Assists % Correct
9 Daizen Maeda Left Winger 100 46 18
100%
15 Greg Taylor Left-Back 89 4 13
100%
58 Jota Left Winger 16 5 2
100%
31 Kasper Schmeichel Goalkeeper 63 0 0
100%
29 Kristoffer Ajer Centre-Back 66 1 1
100%
25 Nicolas Kühn Right Winger 69 24 18
100%
22 Olivier Ntcham Central Midfield 78 15 7
100%
30 Patrick Roberts Right Winger 65 12 24
100%
23 Adam Idah Centre-Forward 76 29 3
50%
50 Álex Valle Left-Back 19 0 5
50%
11 Alistair Johnston Right-Back 96 6 20
50%
32 Anthony Ralston Right-Back 62 4 8
50%
27 Arne Engels Central Midfield 67 10 15
50%
39 Auston Trusty Centre-Back 41 1 1
50%
1 Callum McGregor Defensive Midfield 264 38 38
50%
17 Cameron Carter-Vickers Centre-Back 88 3 2
50%
97 Carl Starfelt Centre-Back 1 0 0
50%
73 Colby Donovan Right-Back 8 0 1
50%
6 Craig Gordon Goalkeeper 132 0 0
50%
51 David Turnbull Central Midfield 19 7 0
50%
14 Dedryck Boyata Centre-Back 89 9 8
50%
24 Hyun-jun Yang Right Winger 74 8 9
50%
2 James Forrest Right Winger 223 46 50
50%
53 Jeffrey Schlupp Left Midfield 18 1 1
50%
35 Joe Hart Goalkeeper 49 0 0
50%
55 Johnny Kenny Centre-Forward 17 2 1
50%
72 Kelechi Iheanacho Centre-Forward 8 3 1
50%
5 Kieran Tierney Left-Back 141 7 32
50%
54 Kolo Touré Centre-Back 17 0 0
50%
20 Kyogo Furuhashi Centre-Forward 82 31 9
50%
12 Leigh Griffiths Centre-Forward 96 37 25
50%
10 Liam Scales Centre-Back 100 6 7
50%
64 Liel Abada Right Winger 11 1 2
50%
36 Luis Palma Left Winger 48 10 10
50%
33 Luke McCowan Central Midfield 53 9 9
50%
7 Mikael Lustig Right-Back 129 8 15
50%
40 Mikey Johnston Left Winger 35 5 4
50%
13 Moussa Dembélé Centre-Forward 94 51 24
50%
26 Odsonne Édouard Centre-Forward 68 27 10
50%
21 Paulo Bernardo Central Midfield 82 7 7
50%
44 Scott Bain Goalkeeper 27 0 0
50%
3 Scott Brown Central Midfield 148 5 6
50%
4 Scott Sinclair Left Winger 148 60 38
50%
47 Tomoki Iwata Defensive Midfield 24 1 2
50%
8 Tom Rogic Attacking Midfield 105 24 20
50%
69 Alexandro Bernabei Left-Back 9 0 0
0%
56 Benjamin Nygren Right Winger 16 5 4
0%
83 Calvin Miller Left Midfield 5 0 0
0%
75 Charly Musonda Jr. Left Winger 8 0 1
0%
43 Cristian Gamboa Right-Back 31 0 3
0%
79 Dane Murray Centre-Back 7 1 0
0%
100 Daniel Arzani Right Winger 1 0 0
0%
101 Daniel Cummings Centre-Forward 1 0 0
0%
82 Daniel Kelly Central Midfield 6 1 0
0%
60 Dorus de Vries Goalkeeper 15 0 0
0%
49 Eboue Kouassi Defensive Midfield 22 0 1
0%
87 Efe Ambrose Centre-Back 2 0 0
0%
41 Emilio Izaguirre Left-Back 34 0 3
0%
77 Eoghan O'Connell Centre-Back 7 0 0
0%
37 Erik Sviatchenko Centre-Back 45 1 1
0%
88 Ewan Henderson Attacking Midfield 2 0 2
0%
48 Filip Benkovic Centre-Back 23 2 1
0%
104 Francis Turley Central Midfield 1 0 0
0%
67 Gary Mackay-Steven Left Midfield 10 0 0
0%
66 Gustaf Lagerbielke Centre-Back 10 1 0
0%
95 Hayato Inamura Centre-Back 1 0 0
0%
46 Hyeon-gyu Oh Centre-Forward 26 5 0
0%
89 Jack Aitchison Attacking Midfield 2 0 1
0%
45 Jack Hendry Centre-Back 26 0 0
0%
98 Jamie McCart Centre-Back 1 0 0
0%
76 Jeremy Toljan Right-Back 7 0 1
0%
42 Jonny Hayes Right Midfield 33 1 4
0%
19 Jozo Simunovic Centre-Back 84 1 2
0%
103 Jude Bonnar Central Midfield 1 0 0
0%
84 Kundai Benyu Central Midfield 4 0 0
0%
62 Lewis Morgan Left Winger 13 0 0
0%
61 Liam Henderson Central Midfield 14 1 1
0%
52 Maik Nawrocki Centre-Back 18 1 0
0%
80 Marcelo Saracchi Left-Back 6 0 1
0%
91 Marco Tilio Right Winger 2 0 0
0%
94 Marvin Compper Centre-Back 1 0 0
0%
34 Matt O'Riley Central Midfield 52 19 19
0%
71 Michel-Ange Balikwisha Left Winger 9 0 2
0%
102 Mitchel Frame Left-Back 1 0 0
0%
85 Nadir Çiftçi Centre-Forward 4 0 0
0%
74 Nat Phillips Centre-Back 8 0 0
0%
28 Nir Bitton Centre-Back 67 1 4
0%
59 Odin Holm Central Midfield 16 1 1
0%
63 Oliver Burke Centre-Forward 11 4 2
0%
16 Reo Hatate Central Midfield 89 15 14
0%
92 Rocco Vata Left Winger 2 1 0
0%
38 Ryan Christie Central Midfield 42 11 10
0%
78 Saidy Janko Right-Back 7 0 0
0%
90 Sead Haksabanovic Left Winger 2 0 0
0%
93 Sean McArdle Central Midfield 2 0 0
0%
68 Sebastian Tounekti Left Winger 9 1 0
0%
81 Shin Yamada Centre-Forward 6 0 0
0%
96 Stefan Johansen Central Midfield 1 0 0
0%
57 Stephen Welsh Centre-Back 16 0 0
0%
18 Stuart Armstrong Central Midfield 88 22 13
0%
70 Timothy Weah Right Winger 9 3 1
0%
99 Vakoun Bayo Centre-Forward 1 0 0
0%
65 Viljami Sinisalo Goalkeeper 10 0 0
0%
86 Youssouf Mulumbu Defensive Midfield 3 0 0
0%
No matching quizzes found
Score Distribution
Percent of People with Each Score
Percentile by Number Answered
Your Score History
You have not taken this quiz